| 000 | 00784nam a2200217 4500 | ||
|---|---|---|---|
| 001 | 139131 | ||
| 003 | ES-MaACL | ||
| 005 | 20250902103436.0 | ||
| 007 | t| | ||
| 008 | 070214s1951 sp a |||| | spa d | ||
| 100 | 0 |
_aSanz y Díaz, José, _d1907-1988 _9103694 |
|
| 245 | 1 | 0 |
_aPaíses y rutas recorridos por los tres Reyes Magos / _cpor José Sanz y Díaz. |
| 260 |
_aMadrid : _b[s. n.], _c1951 ( _fImp. S. Aguirre) |
||
| 300 |
_a26 p. : _bil. ; _c25 cm. |
||
| 490 | 1 |
_aPublicaciones de la Real Sociedad Geográfica. Serie B ; _v257 |
|
| 650 | 7 |
_aReyes Magos _2embne _9147953 |
|
| 710 | 2 |
_aReal Sociedad Geográfica _96403 |
|
| 830 | 1 |
_aPublicaciones de la Real Sociedad Geográfica. Serie B ; _v257 _9182685 |
|
| 852 |
_aES-MaACL _j1930-F-10 |
||
| 999 |
_c139131 _d139131 |
||